00657nam a2200205Ia 4500003000400000005001700004008004100021020001900062040000700081041000800088082001600096100003300112245004800145260004800193300000900241650003300250942001300283999001900296952013600315OSt20250805123608.0250729s2005 xx 000 0 und d a978-8171418053 cAL aeng a001.51 HARM aHarshitha Digumurthi9220898 aMethods of teaching information technology  aNew DelhibDiscovery Publishing Housec2005 a277p aEducation Technology9220899 2ddccBED c234775d234775 001040708BEDaALbALd2025-07-29eSita Book Houseg160.00l0o001.51 HARMpBED00094r2025-07-29 16:53:27v160.00w2025-07-29yBK